[Event "Florianopolis op 11th"]
[Site "Florianopolis"]
[Date "2025.01.26"]
[Round "10"]
[White "Jessel, Stephen"]
[Black "Umetsubo, Cesar Hidemitsu"]
[Result "0-1"]
[WhiteElo "2317"]
[BlackElo "2360"]
[PlyCount "58"]
[EventDate "2025.01.18"]
[EventType "swiss"]
[EventRounds "10"]
[EventCountry "BRA"]
[SourceTitle "CB05_2025"]
[SourceDate "2025.01.29"]
[SourceVersion "1"]
[SourceVersionDate "2025.01.29"]
[SourceQuality "1"]

1. Nf3 d5 2. c4 d4 3. b4 c5 4. g3 cxb4 5. a3 e6 6. Bg2 Nc6 7. 0-0 Nf6 8. Bb2 a5 9. e3 dxe3 10. fxe3 Qd3 11. Qc1 h5 12. Ne1 Qg6 13. Nf3 h4 14. Nxh4 Qd3 15. Nf3 e5 16. axb4 Bxb4 17. Na3 e4 18. Ne1 Qe2 19. Qd1 Qxd1 20. Rxd1 Bg4 21. Rb1 0-0-0 22. Nec2 Rxd2 23. Nxb4 axb4 24. Nb5 Bf3 25. Bxf3 exf3 26. Rxf3 Rdxh2 27. Rxf6 Rh1+ 28. Kg2 R8h2+ 29. Kf3 Rxb1 0-1

[Event "Titled Tuesday intern op 07th Jan Early"]
[Site "Chess.com INT"]
[Date "2025.01.07"]
[Round "5"]
[White "De Lima, Valdenicio Marcelin"]
[Black "Jessel, Stephen"]
[Result "0-1"]
[WhiteElo "1971"]
[BlackElo "2317"]
[PlyCount "110"]
[EventDate "2025.01.07"]
[EventType "swiss (blitz)"]
[EventRounds "11"]
[EventCountry "USA"]
[SourceTitle "CB03_2025"]
[SourceDate "2025.01.15"]
[SourceVersion "1"]
[SourceVersionDate "2025.01.15"]
[SourceQuality "1"]

1. Nf3 g6 2. d4 d6 3. Bf4 Nf6 4. e3 b6 5. Be2 Bb7 6. h3 Nbd7 7. 0-0 h6 8. c4 c5 9. Nc3 a6 10. Bh2 Bg7 11. Rc1 Kf8 12. Re1 Kg8 13. Bf1 Ra7 14. e4 cxd4 15. Nxd4 Qa8 16. f3 Kh7 17. Nd5 Qd8 18. Qb3 Ba8 19. Red1 Re8 20. Qe3 h5 21. Rc2 Qb8 22. f4 Nc5 23. Bd3 Nxd3 24. Qxd3 Nxe4 25. Qxe4 e6 26. Qf3 exd5 27. cxd5 Bxd4+ 28. Rxd4 Re1+ 29. Kf2 Rae7 30. f5 b5 31. Bg1 Qb6 32. Rcd2 Kg8 33. fxg6 fxg6 34. Bh2 R1e4 35. Qd3 Bxd5 36. Bg3 Re1 37. Bf4 R1e4 38. Kg3 Kh7 39. Rxe4 Bxe4 40. Qxd6 Qb7 41. Qf6 Rf7 42. Qg5 Rf5 43. Qh6+ Kg8 44. Rd8+ Kf7 45. Rf8+ Ke6 46. Qxg6+ Kd5 47. Rd8+ Kc4 48. Qf7+ Rxf7 49. b3+ Kc3 50. Bd2+ Kc2 51. Bb4 Bd3 52. Bd6 Qe4 53. Rc8+ Kd1 54. Ba3 Rg7+ 55. Kh2 Qxg2# 0-1

[Event "Titled Tuesday intern op 07th Jan Early"]
[Site "Chess.com INT"]
[Date "2025.01.07"]
[Round "11"]
[White "Jessel, Stephen"]
[Black "Mikhaylova, Irina"]
[Result "1-0"]
[WhiteElo "2317"]
[BlackElo "2143"]
[PlyCount "51"]
[EventDate "2025.01.07"]
[EventType "swiss (blitz)"]
[EventRounds "11"]
[EventCountry "USA"]
[SourceTitle "CB03_2025"]
[SourceDate "2025.01.15"]
[SourceVersion "1"]
[SourceVersionDate "2025.01.15"]
[SourceQuality "1"]

1. c4 Nf6 2. b3 g6 3. Bb2 Bg7 4. Nc3 0-0 5. e3 d5 6. Nxd5 Nxd5 7. Bxg7 Kxg7 8. cxd5 Qxd5 9. Qc2 c5 10. Rc1 Nd7 11. Nf3 b6 12. Qb2+ Kg8 13. Bc4 Qd6 14. h4 Qf6 15. d4 cxd4 16. Bd5 Rb8 17. Nxd4 Bb7 18. Bxb7 Rxb7 19. Rc6 e6 20. h5 Ne5 21. Rc3 Rc7 22. hxg6 hxg6 23. f4 Rfc8 24. fxe5 Qxe5 25. Rxc7 Qxe3+ 26. Ne2 1-0

[Event "Titled Tuesday intern op 18th Jul Late"]
[Site "Chess.com INT"]
[Date "2023.07.18"]
[Round "2"]
[White "Jessel, Stephen"]
[Black "Terry, Renato"]
[Result "0-1"]
[WhiteElo "2285"]
[BlackElo "2520"]
[PlyCount "128"]
[EventDate "2023.07.18"]
[EventType "swiss (blitz)"]
[EventRounds "11"]
[EventCountry "USA"]
[SourceTitle "EXT 2024"]
[Source "ChessBase"]
[SourceDate "2023.10.10"]
[SourceVersion "1"]
[SourceVersionDate "2023.10.10"]
[SourceQuality "1"]

1. Nf3 d5 2. c4 d4 3. b4 f6 4. Na3 e5 5. Nc2 c5 6. bxc5 Bxc5 7. d3 Nc6 8. g3 Nge7 9. Bg2 Be6 10. Rb1 Qd7 11. 0-0 b6 12. Nd2 Bh3 13. Ne4 h5 14. Nxc5 bxc5 15. f3 h4 16. g4 Bxg2 17. Kxg2 h3+ 18. Kh1 a5 19. Rb5 Qd6 20. Bd2 Kf7 21. Na3 Nb4 22. Qb3 Qc6 23. Nc2 Nc8 24. a3 Nxc2 25. Qxc2 Nd6 26. Rb2 a4 27. Rfb1 Ra6 28. Qd1 Ra7 29. Qf1 Rb7 30. Rxb7+ Nxb7 31. Rb5 Nd6 32. Rb2 Kg6 33. Qb1 Ra8 34. Rb6 Qc7 35. Kg1 Ra7 36. Rb8 Nb7 37. Rh8 Nd6 38. Rb8 Ra6 39. Rb2 Ra8 40. Qf1 Rh8 41. Qb1 Kf7 42. Rb6 Ra8 43. Rb2 Ra7 44. Qf1 Rb7 45. Rxb7 Qxb7 46. Qxh3 Qb2 47. Qh5+ Ke7 48. Ba5 Qxe2 49. Qh7 Ne8 50. Qf5 g6 51. Qxg6 Qxf3 52. Qh7+ Kd6 53. Bb6 Qxg4+ 54. Kf2 Qf4+ 55. Ke2 Qe3+ 56. Kd1 Qf3+ 57. Kc2 Qg2+ 58. Kc1 Qf1+ 59. Kc2 Qe2+ 60. Kc1 Qe1+ 61. Kc2 Qc3+ 62. Kd1 Qb3+ 63. Ke2 Qxb6 64. Qe7+ Kxe7 0-1

[Event "Titled Tuesday intern op 04th Apr Early"]
[Site "Chess.com INT"]
[Date "2023.04.04"]
[Round "10"]
[White "Devaev, Alexander"]
[Black "Jessel, Stephen"]
[Result "0-1"]
[WhiteElo "2325"]
[BlackElo "2285"]
[PlyCount "80"]
[EventDate "2023.04.04"]
[EventType "swiss (blitz)"]
[EventRounds "11"]
[EventCountry "USA"]
[SourceTitle "EXT 2024"]
[Source "ChessBase"]
[SourceDate "2023.10.10"]
[SourceVersion "1"]
[SourceVersionDate "2023.10.10"]
[SourceQuality "1"]

1. d4 e6 2. c4 b6 3. a3 Bb7 4. Nc3 f5 5. Nf3 Nf6 6. g3 Ne4 7. Bd2 Nc6 8. Bg2 Nxd4 9. 0-0 Nxd2 10. Nxd2 Bxg2 11. Kxg2 Be7 12. e3 Nc6 13. Nf3 0-0 14. Qc2 Qc8 15. Rad1 Rd8 16. h4 Qb7 17. Kg1 Na5 18. Nd2 c5 19. e4 f4 20. Nf3 fxg3 21. fxg3 Nxc4 22. Rde1 Rf8 23. Rf2 Qc7 24. Kg2 a6 25. Ree2 b5 26. e5 Qc6 27. Ne4 h6 28. h5 Rf5 29. g4 Rf4 30. Kg3 Rf7 31. g5 Raf8 32. g6 Rf5 33. Ned2 Nxd2 34. Nxd2 Rg5+ 35. Kh3 Rxh5+ 36. Kg4 Rg5+ 37. Kh3 Qh1+ 38. Rh2 Rf3+ 39. Nxf3 Qxf3+ 40. Kh4 Qg4# 0-1

[Event "Titled Tuesday intern op 04th Apr Early"]
[Site "Chess.com INT"]
[Date "2023.04.04"]
[Round "5"]
[White "Jessel, Stephen"]
[Black "Andreev, Konstantin1"]
[Result "0-1"]
[WhiteElo "2285"]
[BlackElo "2167"]
[PlyCount "74"]
[EventDate "2023.04.04"]
[EventType "swiss (blitz)"]
[EventRounds "11"]
[EventCountry "USA"]
[SourceTitle "EXT 2024"]
[Source "ChessBase"]
[SourceDate "2023.10.10"]
[SourceVersion "1"]
[SourceVersionDate "2023.10.10"]
[SourceQuality "1"]

1. Nf3 Nf6 2. g3 b5 3. Bg2 Bb7 4. 0-0 e6 5. b3 Be7 6. a4 b4 7. Bb2 0-0 8. d3 c5 9. Nbd2 d5 10. e4 dxe4 11. Ng5 h6 12. Ngxe4 Nxe4 13. Nxe4 Nd7 14. Qg4 e5 15. Qe2 Qc7 16. f4 exf4 17. Rxf4 Rae8 18. Qg4 Ne5 19. Qf5 Ng6 20. Rf2 Bxe4 21. Bxe4 Bg5 22. Kh1 Be3 23. Re2 Bd4 24. Bxd4 cxd4 25. Rf1 Re5 26. Qf3 Qd6 27. Ref2 Ne7 28. g4 Qd7 29. Qg3 Rg5 30. h3 f5 31. Bf3 fxg4 32. hxg4 Ng6 33. Be4 Rxg4 34. Rxf8+ Nxf8 35. Qh2 Qe7 36. Bf5 Rh4 37. Bh3 Qe3 0-1

[Event "Titled Tuesday intern op 28th Mar Early"]
[Site "Chess.com INT"]
[Date "2023.03.28"]
[Round "10"]
[White "Jessel, Stephen"]
[Black "Gavrilov, Maxim"]
[Result "0-1"]
[WhiteElo "2285"]
[BlackElo "2187"]
[PlyCount "84"]
[EventDate "2023.03.28"]
[EventType "swiss (blitz)"]
[EventRounds "11"]
[EventCountry "USA"]
[SourceTitle "EXT 2024"]
[Source "ChessBase"]
[SourceDate "2023.10.10"]
[SourceVersion "1"]
[SourceVersionDate "2023.10.10"]
[SourceQuality "1"]

1. Nf3 d5 2. c4 c6 3. g3 Nf6 4. Bg2 Bg4 5. Ne5 Bf5 6. cxd5 cxd5 7. Nc3 Nc6 8. Nxc6 bxc6 9. d3 e5 10. 0-0 Bd6 11. e4 Bg4 12. Qa4 Bd7 13. Qa6 d4 14. Na4 Rb8 15. b3 0-0 16. Bd2 Qe7 17. Rfc1 c5 18. Rc2 Bb5 19. Qa5 Bxd3 20. Rxc5 Bxc5 21. Qxc5 Rfe8 22. Re1 Rbc8 23. Qa5 Rc2 24. Bb4 Qd8 25. Qxa7 Rxa2 26. Qb7 Qb8 27. Nc5 Qxb7 28. Nxb7 Rb8 29. Nc5 Rxb4 30. Nxd3 Rb5 31. Rb1 Rd2 32. Ne1 Rb4 33. f3 Nd7 34. Bf1 Nc5 35. Bc4 d3 36. Ra1 g6 37. Kf1 Rxh2 38. Ra8+ Kg7 39. Nxd3 Nxd3 40. Bxd3 Rxb3 41. Rd8 Rd2 42. Bc4 Rb1# 0-1

[Event "Titled Tuesday intern op 21st Mar Late"]
[Site "Chess.com INT"]
[Date "2023.03.21"]
[Round "1"]
[White "Jessel, Stephen"]
[Black "Smith, Garrett L"]
[Result "1-0"]
[WhiteElo "2285"]
[BlackElo "2047"]
[PlyCount "99"]
[EventDate "2023.03.21"]
[EventType "swiss (blitz)"]
[EventRounds "11"]
[EventCountry "USA"]
[SourceTitle "EXT 2024"]
[Source "ChessBase"]
[SourceDate "2023.10.10"]
[SourceVersion "1"]
[SourceVersionDate "2023.10.10"]
[SourceQuality "1"]

1. g3 c5 2. c4 Nc6 3. Bg2 e5 4. b3 Nf6 5. Bb2 d6 6. Nc3 Be6 7. Nf3 h6 8. 0-0 Be7 9. e3 d5 10. cxd5 Nxd5 11. d4 cxd4 12. exd4 Nxc3 13. Bxc3 exd4 14. Nxd4 Nxd4 15. Qxd4 Qxd4 16. Bxd4 0-0 17. Bxb7 Rab8 18. Bf3 a5 19. Kg2 Rfd8 20. Rfd1 Rb4 21. Bc3 Rb5 22. Rxd8+ Bxd8 23. Rd1 Be7 24. h4 Rc5 25. Be1 Rc2 26. Rd2 Rc1 27. Re2 Bf6 28. Bxa5 Bf5 29. Bd2 Ra1 30. Be3 Bd3 31. Rd2 Bf1+ 32. Kh2 Bc3 33. Rd1 Rxd1 34. Bxd1 Ba6 35. Bc5 f6 36. a4 Kf7 37. b4 Ke6 38. Bb3+ Kd7 39. b5 Bb7 40. Bc4 g5 41. hxg5 hxg5 42. Bb6 Be5 43. a5 g4 44. a6 Ba8 45. Bc5 f5 46. Be3 Bf3 47. b6 Kc8 48. b7+ Kb8 49. Be6 Be4 50. Bc8 1-0

[Event "Titled Tuesday intern op 28th Jun Late"]
[Site "Chess.com INT"]
[Date "2022.06.28"]
[Round "8"]
[White "Jessel, Stephen"]
[Black "Diaz Rosas, Julio Cesar"]
[Result "1-0"]
[WhiteElo "2285"]
[BlackElo "2328"]
[PlyCount "91"]
[EventDate "2022.06.28"]
[EventType "swiss (blitz)"]
[EventRounds "11"]
[EventCountry "USA"]
[SourceTitle "CBM 209 Extra"]
[Source "ChessBase"]
[SourceDate "2022.09.30"]
[SourceVersion "1"]
[SourceVersionDate "2022.09.30"]
[SourceQuality "1"]

1. Nf3 d5 2. c4 e6 3. g3 a6 4. Bg2 dxc4 5. 0-0 Nc6 6. Qc2 Nf6 7. Qxc4 e5 8. d3 Be6 9. Qa4 Be7 10. Nxe5 0-0 11. Nxc6 bxc6 12. Qxc6 Bd5 13. Bxd5 Nxd5 14. Nc3 Nb4 15. Qa4 a5 16. Bf4 Bd6 17. Bxd6 cxd6 18. Rac1 Na6 19. d4 Rb8 20. Qc2 Re8 21. e3 h5 22. Qe2 h4 23. Qxa6 Rxb2 24. Rb1 Rxb1 25. Rxb1 h3 26. Qf1 Qd7 27. Nd5 Qa4 28. Qxh3 Qxa2 29. Nc3 Qc2 30. Qd7 Rf8 31. Qc7 a4 32. Rb8 Rxb8 33. Qxb8+ Kh7 34. Qb4 g6 35. Nxa4 g5 36. Nc3 Kg7 37. h3 Qf5 38. Kg2 Qd3 39. Qb2 f6 40. g4 Kh6 41. Ne2 Qe4+ 42. Kg1 Qf3 43. Ng3 Kh7 44. Qb8 Qc6 45. Qa7+ Kg8 46. Nf5 1-0

[Event "Titled Tuesday intern op 28th Jun Late"]
[Site "Chess.com INT"]
[Date "2022.06.28"]
[Round "4"]
[White "Silvestre, Christian"]
[Black "Jessel, Stephen"]
[Result "0-1"]
[WhiteElo "1942"]
[BlackElo "2285"]
[PlyCount "132"]
[EventDate "2022.06.28"]
[EventType "swiss (blitz)"]
[EventRounds "11"]
[EventCountry "USA"]
[SourceTitle "CBM 209 Extra"]
[Source "ChessBase"]
[SourceDate "2022.09.30"]
[SourceVersion "1"]
[SourceVersionDate "2022.09.30"]
[SourceQuality "1"]

1. Nf3 d5 2. d4 e6 3. g3 b5 4. Bg2 Bb7 5. 0-0 c5 6. a4 b4 7. c3 a5 8. dxc5 Bxc5 9. cxb4 Bxb4 10. Bd2 Na6 11. Bc3 Nf6 12. Bxb4 Nxb4 13. Nc3 0-0 14. Rc1 Qb6 15. Qd4 Qxd4 16. Nxd4 Rfc8 17. Ncb5 Ba6 18. e3 Nd3 19. Rxc8+ Rxc8 20. Rb1 Ng4 21. Bf1 Ngxf2 22. Be2 g6 23. Rf1 e5 24. Nb3 Rc2 25. Rxf2 Nxf2 26. Kxf2 Rxb2 27. Nc5 Bc8 28. Ke1 Rc2 29. Nd3 f6 30. Kd1 Ra2 31. Nc1 Rxa4 32. Nc3 Ra3 33. Nxd5 Be6 34. Nc7 Bf7 35. Nb5 Rxe3 36. Nd6 Kg7 37. Kd2 Ra3 38. Nxf7 Kxf7 39. Bd3 f5 40. Bc4+ Kf6 41. Bd3 e4 42. Be2 g5 43. Kc2 f4 44. Kb2 Re3 45. gxf4 gxf4 46. Bg4 f3 47. Nb3 f2 48. Nd2 Re1 49. Bh3 e3 50. Ne4+ Ke5 51. Bg2 f1Q 52. Bxf1 Rxf1 53. Ng3 Rf2+ 54. Kc3 Rxh2 55. Kd3 Rh3 56. Ne2 h5 57. Nc3 h4 58. Ne2 Rg3 59. Nd4 e2+ 60. Kxe2 Kxd4 61. Kf2 a4 62. Ke2 a3 63. Kd2 a2 64. Kc2 a1Q 65. Kd2 Qa2+ 66. Ke1 Rg1# 0-1

[Event "Titled Tuesday intern op 19th Apr Late"]
[Site "Chess.com INT"]
[Date "2022.04.19"]
[Round "3"]
[White "Yoo, Christopher Woojin"]
[Black "Jessel, Stephen"]
[Result "0-1"]
[WhiteElo "2532"]
[BlackElo "2285"]
[PlyCount "140"]
[EventDate "2022.04.19"]
[EventType "swiss (blitz)"]
[EventRounds "11"]
[EventCountry "USA"]
[SourceTitle "EXT 2023"]
[Source "ChessBase"]
[SourceDate "2022.10.05"]
[SourceVersion "1"]
[SourceVersionDate "2022.10.05"]
[SourceQuality "1"]

1. e4 e6 2. d4 d5 3. Nc3 Nf6 4. Bg5 h6 5. Bxf6 Qxf6 6. exd5 Bb4 7. Bb5+ Bd7 8. Bxd7+ Nxd7 9. dxe6 Qxe6+ 10. Nge2 Bxc3+ 11. bxc3 0-0-0 12. 0-0 Rhe8 13. Ng3 g6 14. Qf3 h5 15. Rfb1 Nb6 16. Nf1 Qe2 17. Qxe2 Rxe2 18. Ne3 Nd5 19. Nxd5 Rxd5 20. Rb2 Rf5 21. Rf1 h4 22. h3 Rd2 23. f4 b6 24. Rf3 Rd1+ 25. Kf2 Rd2+ 26. Kf1 a5 27. a4 Kb7 28. Rf2 Rxf2+ 29. Kxf2 Rxf4+ 30. Ke2 Kc6 31. Rb1 Kd5 32. Ke3 Rf5 33. Kd3 Rf2 34. Rb5+ Kd6 35. Rg5 c6 36. c4 Rf1 37. c5+ Kc7 38. cxb6+ Kxb6 39. Rg4 Rd1+ 40. Kc3 Ra1 41. Kb3 Rg1 42. c4 Kc7 43. c5 Kd7 44. Kc4 Ke6 45. Re4+ Kf6 46. Re2 Rc1+ 47. Kd3 Ra1 48. d5 cxd5 49. c6 Rc1 50. Rb2 Rxc6 51. Rb5 Rc4 52. Rxa5 Rf4 53. Ra7 Rf2 54. a5 Rxg2 55. a6 Ra2 56. Kd4 Ra5 57. Ra8 g5 58. a7 Kf5 59. Kc3 f6 60. Kb4 Ra1 61. Kb5 Kf4 62. Kb6 f5 63. Rd8 g4 64. hxg4 fxg4 65. Kc5 Rxa7 66. Kxd5 Rg7 67. Rf8+ Kg3 68. Ke4 h3 69. Rf1 Re7+ 70. Kd3 Kg2 0-1

[Event "EU-chT 23rd"]
[Site "Terme Catez"]
[Date "2021.11.14"]
[Round "3.15"]
[White "Jessel, Stephen"]
[Black "Blohberger, Felix"]
[Result "0-1"]
[WhiteElo "2297"]
[BlackElo "2490"]
[PlyCount "78"]
[EventDate "2021.11.12"]
[EventType "team-swiss"]
[EventRounds "9"]
[EventCountry "SLO"]
[SourceTitle "CBM 205"]
[Source "ChessBase"]
[SourceDate "2021.12.31"]
[SourceVersion "1"]
[SourceVersionDate "2021.12.31"]
[SourceQuality "1"]
[WhiteTeam "Ireland"]
[BlackTeam "Austria"]
[WhiteTeamCountry "IRL"]
[BlackTeamCountry "AUT"]

1. Nf3 Nf6 2. c4 g6 3. b3 Bg7 4. Bb2 0-0 5. g3 d6 6. Bg2 e5 7. 0-0 c6 8. d3 Re8 9. Nbd2 Nbd7 10. Qc2 b6 11. b4 Bb7 12. Rfc1 Qe7 13. a4 c5 14. b5 e4 15. dxe4 Nxe4 16. Bxg7 Kxg7 17. Nxe4 Bxe4 18. Qc3+ Qf6 19. a5 d5 20. cxd5 Bxd5 21. e3 Rab8 22. axb6 axb6 23. Ra7 Rb7 24. Ra6 Qxc3 25. Rxc3 Nf6 26. Nd2 Bxg2 27. Kxg2 Ne4 28. Rd3 Nxd2 29. Rxd2 Re6 30. Rd8 h5 31. Kf3 Kf6 32. h4 Ke7 33. Raa8 Rd6 34. Rxd6 Kxd6 35. Rc8 Kd5 36. e4+ Kc4 37. e5 Kxb5 38. Ke4 Kc4 39. e6 Re7 0-1

[Event "Online Olym Div2 A"]
[Site "Chess.com INT"]
[Date "2021.09.02"]
[Round "3.5"]
[White "Orozbaev, Eldiar"]
[Black "Jessel, Stephen"]
[Result "0-1"]
[WhiteElo "2128"]
[BlackElo "2297"]
[PlyCount "66"]
[EventDate "2021.09.02"]
[EventType "team (rapid)"]
[EventRounds "9"]
[EventCountry "USA"]
[SourceTitle "CBM 204 Extra"]
[Source "ChessBase"]
[SourceDate "2021.11.30"]
[SourceVersion "1"]
[SourceVersionDate "2021.11.30"]
[SourceQuality "1"]
[WhiteTeam "Kyrgyzstan"]
[BlackTeam "Ireland"]
[WhiteTeamCountry "KGZ"]
[BlackTeamCountry "IRL"]

1. e4 c5 2. c3 e6 3. d4 d5 4. exd5 exd5 5. Nf3 Nc6 6. Bb5 Bd6 7. 0-0 Nf6 8. Qe2+ Be6 9. dxc5 Bxc5 10. Ne5 Rc8 11. Bg5 0-0 12. Nd2 Re8 13. Bxc6 bxc6 14. Qf3 Be7 15. Rfe1 h6 16. Bh4 Qb6 17. b3 c5 18. Rad1 a5 19. Nf1 a4 20. bxa4 Qa6 21. Ne3 Qxa4 22. Bxf6 Bxf6 23. Nxd5 Bxd5 24. Rxd5 Qxa2 25. g3 Re6 26. Nd3 Rxe1+ 27. Nxe1 Qa1 28. Rd1 Qxc3 29. Qf5 Re8 30. Ng2 Bd4 31. Qd7 Re6 32. Rf1 Qd2 33. Nf4 Bxf2+ 0-1

[Event "Online Olym Div3 B"]
[Site "Chess.com INT"]
[Date "2021.08.28"]
[Round "4.1"]
[White "Jessel, Stephen"]
[Black "Koniahli, Malek"]
[Result "1-0"]
[WhiteElo "2297"]
[BlackElo "2255"]
[PlyCount "61"]
[EventDate "2021.08.27"]
[EventType "team-tourn (rapid)"]
[EventRounds "9"]
[EventCountry "USA"]
[SourceTitle "CBM 204 Extra"]
[Source "ChessBase"]
[SourceDate "2021.11.30"]
[SourceVersion "1"]
[SourceVersionDate "2021.11.30"]
[SourceQuality "1"]
[WhiteTeam "Ireland"]
[BlackTeam "Syria"]
[WhiteTeamCountry "IRL"]
[BlackTeamCountry "SYR"]

1. Nf3 g6 2. e4 Bg7 3. d4 d6 4. Nc3 Nf6 5. h3 0-0 6. Be3 a6 7. a4 Nbd7 8. Bc4 e5 9. dxe5 dxe5 10. 0-0 Qe7 11. Qe2 c6 12. Rfd1 h6 13. Qd2 Nc5 14. Bxh6 Ncxe4 15. Nxe4 Nxe4 16. Qe3 Nd6 17. Bxg7 Kxg7 18. Qc5 Rd8 19. Nxe5 Be6 20. a5 Qf8 21. Bxe6 fxe6 22. Ra4 Nf7 23. Qxf8+ Kxf8 24. Rxd8+ Rxd8 25. Rf4 Rd1+ 26. Kh2 Rd2 27. Rxf7+ Ke8 28. f4 Rxc2 29. Rxb7 Rc5 30. b4 Rc2 31. Nxg6 1-0